| 000 | 00812 a2200181 4500 | ||
|---|---|---|---|
| 003 | Nust | ||
| 005 | 20221220105459.0 | ||
| 040 | _cNust | ||
| 082 | _a621.384,RAD | ||
| 100 |
_aCamm,F.J _941027 |
||
| 245 |
_aRadio training manual for the services and the trade / _cF.J Camm |
||
| 250 | _a6th ed. | ||
| 260 |
_aLondon _bG. Newnes _c1942 |
||
| 300 | _a160 p. | ||
| 505 | _aRadio as a Career (Page-9), An Outline of Prospects (Page-13), Electrical Units (Page-23), Radio Formula Simplified (Page-28), Principles of Receiver Design (Page-39), Design of the Detector Stage (Page-69), Superhet Principles and Design (Page-101), Automatic Volume Control (Page-116), Design of the Power Unit (Page-127), Use of Gramophone Pick-up (Page-139), A Guide to Servicing (Page-144). | ||
| 650 | _aRadio | ||
| 942 |
_2ddc _cBK |
||
| 999 |
_c183106 _d183106 |
||